000 00312nam a2200109Ia 4500
008 190216s9999||||xx |||||||||||||| ||und||
100 _aNull
245 0 _a"Employee`S Provident Fund Family Pension Fund And Deposit Linked Insurance Fund Act, 1952"
260 _bAgra Book Stall
_c1978
300 _a26p
942 _cBK
999 _c9712
_d9712